One Piece: All Pirate Crews - Statistics

General Stats
  • This quiz has been taken 118 times
    108 since last reset
  • The average score is 27 of 79
Answer Stats
Arc of first appearance Answer % Correct
Romance Dawn Straw Hat Pirates
96%
Orange Town Buggy Pirates
87%
Arlong Park Arlong Pirates
82%
Romance Dawn Red Hair Pirates
82%
Syrup Village Black Cat Pirates
78%
Fishman Island Big Mom Pirates
71%
Romance Dawn Alvida Pirates
69%
Jaya Blackbeard Pirates
69%
Alabasta Whitebeard Pirates
69%
Orange Town Roger Pirates
68%
Post-war Beast Pirates
66%
Sabaody Archipelago Kid Pirates
65%
Syrup Village Usopp Pirates
65%
Sabaody Archipelago Heart Pirates
63%
Baratie Krieg Pirates
63%
Sabaody Archipelago Bonney Pirates
62%
Long Ring Long Land Foxy Pirates
62%
Amazon Lily Kuja Pirates
62%
Jaya Bellamy Pirates
57%
Fishman Island Sun Pirates
56%
Thriller Bark Thriller Bark Pirates
54%
Sabaody Archipelago Hawkins Pirates
51%
Dressrosa Barto Club
49%
Jaya Donquixote Pirates
49%
Dressrosa Beautiful Pirates
46%
Sabaody Archipelago Firetank Pirates
44%
Marineford Spade Pirates
44%
Little Garden Giant Warrior Pirates
43%
Fishman Island New Fish Man Pirates
41%
Sabaody Archipelago Drake Pirates
40%
Dressrosa Ideo Pirates
40%
Reverse Mountain Rumbar Pirates
38%
Return to Sabaody Fake Straw Hat Crew
37%
Dressrosa New Giant Warrior Pirates
35%
Sabaody Archipelago On Air Pirates
35%
Sabaody Archipelago Fallen Monk Pirates
34%
Wano County Rocks Pirates
34%
Baratie Cook Pirates
32%
Dressrosa Tontatta Pirates
31%
Post-war Brownbeard Pirates
28%
Return to Sabaody Caribou Pirates
28%
Fishman Island Flying Pirates
26%
Dressrosa Happo Navy
26%
Drum Island Bliking Pirates
25%
Dressrosa Yontamaria Grand Fleet
25%
Wano Country Cross Guild
24%
Wano Country (Cover Story) Germ Pirates
21%
Post-war Bluejam Pirates
19%
Jaya Masira Pirates
19%
Drum Island (Cover story) Tulip Pirates
18%
Sabaody Archipelago Candy Pirates
16%
Wano Country Gecko Pirates
16%
Jaya Shoujou Pirates
16%
Post-Enies Lobby (Cover Story) Space Pirates
16%
Loguetown Yes Pirates
16%
Thriller Bark Rolling Pirates
15%
Jaya Roshio Pirates
15%
Levely Peachbeard Pirates
13%
Whole Cake Island Gally Pirates
12%
Marineford Little Pirates
12%
Marineford AO Pirates
9%
Long Ring Long Land Fanged Toad Pirates
9%
Fishman Island Gyro Pirates
9%
Sabaody Archipelago Macro Pirates
9%
Whole Cake Island Nox Pirates
9%
Marineford Takotopus Pirates
9%
Water 7 Big Helmet Pirates
7%
Marineford Maelstrom Spider Pirates
7%
Vivre Card Sasaki Pirates
7%
Vivre Card Who's-who Pirates
6%
Sabaody Archipelago Acumate Pirates
4%
Dressrosa Barrels Pirates
4%
Jaya Hokahoka Pirates
4%
Elbaph Polo Pirates
4%
Egghead Puddle Pirates
4%
Egghead Social Club
4%
Skypeia Eraser Pirates
3%
Dressrosa Niho Navy
3%
Egghead Burgeois Pirates
0%
No matching quizzes found
Score Distribution
Percent of People with Each Score
Percentile by Number Answered
Your Score History
You have not taken this quiz since the last reset